00446nam a2200157Ia 4500003000400000008004100004040001600045082001700061100002200078245006000100260004900160300001000209650002800219650001400247650002700261GCL140319s9999 xx 000 0 eng d aGCL / cGCL04a635.954bT T1 aTENEBAUM, FRANCES10aTAYLOR'S GUIDE TO SHADE GARDENING / cTENEBAUM, FRANCES a[S.N] : bHOUGHTON MIFFLIN COMPANY ، c1994 a501 P04aSHADE - TOLERANT PLANTS04aGARDENING04aGARDENING IN THE SHADE